Intento de reconstituir la España (Record no. 112262)

MARC details
000 -LEADER
campo de control de longitud fija 00540nam a2200157 4500
001 - NÚMERO DE CONTROL
campo de control 112262
003 - IDENTIFICADOR DE NÚMERO DE CONTROL
campo de control ES-MaACL
005 - FECHA Y HORA DE LA ÚLTIMA TRANSACCIÓN
campo de control 20230906185503.0
007 - CAMPO FIJO DE DESCRIPCIÓN FÍSICA--INFORMACIÓN GENERAL
campo de control de longitud fija t|
008 - DATOS DE LONGITUD FIJA--INFORMACIÓN GENERAL
campo de control de longitud fija 061121s1912 sp r ||||1| spa d
100 1# - ENTRADA PRINCIPAL--NOMBRE DE PERSONA
Nombre de persona Nido y Segalerva, Juan del.
9 (RLIN) 85616
245 10 - MENCIÓN DEL TÍTULO
Título Intento de reconstituir la España
Resto del título : estudio crítico-histórico del significado del cambio de dinastia de la Casa de Austria a la de Borbón.
260 ## - PUBLICACIÓN, DISTRIBUCIÓN, ETC.
Lugar de publicación, distribución, etc. Madrid :
Nombre del editor, distribuidor, etc. [s. n.],
Fecha de publicación, distribución, etc. 1912 (
Fabricante Imp. Española)
300 ## - DESCRIPCIÓN FÍSICA
Extensión 376 p. ;
Dimensiones 25 x 17 cm.
852 ## - LOCALIZACIÓN
Ubicación ES-MaACL
Número de control de estantería F-9699
Holdings
Estatus retirado Estado de pérdida Estado de daño No para préstamo Biblioteca de origen Biblioteca actual Ubicación en estantería Fecha de adquisición Fuente de adquisición Total de préstamos Signatura topográfica completa Código de barras Visto por última vez Precio de reemplazo Tipo de ítem Koha
        Biblioteca del Ateneo de Madrid Biblioteca del Ateneo de Madrid Sala Pecera Planta 2 17/01/2008     F-9699 1117104 23/02/2023 23/02/2023 Libro impreso